Most Popular Countries where Hollywood movies are set in - Statistics

General Stats
  • This quiz has been taken 142 times
  • The average score is 12 of 15
Answer Stats
Percentage Answer % Correct
5% France
98%
68% United States
98%
15% Canada
97%
14% United Kingdom
94%
2% Mexico
93%
2% Australia
92%
3% Italy
92%
2% Spain
92%
2,5% Germany
89%
2% China
88%
3% India
84%
1% New Zealand
73%
1% South Africa
56%
1,5% Morocco
35%
1% Czechia
13%
No matching quizzes found
Score Distribution
Percent of People with Each Score
Percentile by Number Answered
Your Score History
You have not taken this quiz